000 00537nam a2200181Ia 4500
008 090124s9999 xx 000 0 und d
082 _b26036
100 _aलागू चिंतामणि
245 _a हुबेहूब
250 _a0
260 _bनवचैतन्य प्रकाशन
_c1987
300 _a228
600 _aलागू चिंतामणि
630 _a हुबेहूब
700 _aलागू चिंतामणि
730 _a हुबेहूब
942 _cBOOK
999 _c96799
_d96799